000 00453cam a2200157 4500
008 101014n 000 0 eng u
020 _a8570970331
035 _a(Sirsi) a171654
050 _aBF 1999 GON 1998
100 _aGonzalez Pecotche, Carlos Bernardo.
245 _aLogosophical Exegesis/
_cby Carlos Bernardo Gonzalez Pecotche.
250 _a1st ed.
260 _aSao Paulo:
_b Logosofica,
_c 1998.
300 _a107p.
650 _aLogosofia
999 _c114815
_d114815